000 01692nam a2200313 4500
001 0000100122
005 20250329165434.0
008 190730s2019 000 0 eng d
040 _aCO-CtgCURN
_bspa
_ccoctgcurn
041 0 _aspa
082 0 _aENF 2019
_bA959
100 1 _aAvila Marimon, Olga de.
245 1 0 _aCompetencias de los egresados del programa de enfermeria de la Corporacion Universitaria Rafael Nuñez :
_b2019 /
_cOlga de Avila Marimon; Soledad Manzur Garcia; Andy Reyes Rivera; Lurilza Villalba Forbes; Directora Zorayda Barrios Puerta.
260 _aCartagena de Indias :
_bCorporación Universitaria Rafael Núñez,
_c2019.
300 _a136 Hojas.
336 _2rdacontent
_atext
_btxt
337 _2rdacarrier
_asin mediacion
_bn
338 _2rdacarrier
_avolumen
_bnc
502 _aTrabajo de grado (Enfermeria). Corporacion Universitaria Rafael Nuñez. Facultad de Ciencias de la salud. Enfermeria, 2019.
520 _aSe reconoce que la formación profesional actual debe estar supeditada al desarrollo de competencias que promuevan el desarrollo de las capacidades humanas que permitan la cohesión laboral y social, y un desarrollo individual.
650 0 _aEnfermeria
_vTesis y disertaciones academicas.
700 1 _aManzur Garcia, Soledad.
700 1 _aReyes Rivera, Andy.
700 1 _aVillalba Forbes, Lurilza.
700 1 _aBarrios Puerta, Zorayda,
_edirectora.
856 _uhttps://unicurn.sharepoint.com/:b:/s/biblioteca/EXJ-GiFloGpEnM3cFVsMQl4BB4NbR56Ye3yP6Q6Au--WNw?e=tKqugf
_zClick aqui para ver el recurso en texto completo
942 _cTG
_hENF 2019
_iA959
999 _c4017
_d4017